00228nam a2200085Ia 4500008004100000041000800041100001800049245004400067260003100111241105s9999 xx 000 0 und d aeng aThokal Rupali aMapping The Night Light Pollution, Pune bBNCA M Arch EA, Punec2017